| 000 | 01671cam a2200349 i 4500 | ||
|---|---|---|---|
| 003 | SA-RiAUC | ||
| 005 | 20250408072858.0 | ||
| 008 | 250407s2001 su f b f100 0 ara c | ||
| 020 | _a9960035646 | ||
| 040 |
_aSA-RiAUC _bara _cSA-RiAUC _erda |
||
| 050 | 4 | _b.M88 2001 | |
| 082 | 0 | 4 |
_a253.902 _qSA-RiAUC |
| 090 |
_a253.902 _b م ؤ ت |
||
| 111 | 2 |
_aمؤتمر الأوقاف _n(1 : _d2001 : _cمكة المكرمة) |
|
| 245 | 1 | 0 |
_aأثر الوقف في تنمية المجتمع / _cجامعة أم القرى، وزارة الشؤون الإسلامية والأوقاف والدعوة والإرشاد. |
| 264 | 1 |
_aمكة المكرمة : _bجامعة أم القرى : _bوزارة الشؤون الإسلامية والأوقاف والدعوة والإرشاد، _c[2001] |
|
| 300 |
_a323 صفحة ؛ _c24 سم |
||
| 336 |
_aنص _btxt _2rdacontent _3كتاب |
||
| 337 |
_aبدون وسيط _bn _2rdamedia |
||
| 338 |
_aمجلد _bnc _2rdacarrier |
||
| 500 | _aهذا الكتاب الجزء السادس من محاور مؤتمر الأوقاف الأول. | ||
| 504 | _aيشتمل على ببليوجرافية. | ||
| 506 | 1 | _aلا يعار. | |
| 650 | 7 |
_aالمطبوعات الحكومية _2aucsh |
|
| 650 | 7 |
_aالوقف _vمؤتمرات _2aucsh |
|
| 650 | 7 |
_aالوقف _xمطبوعات حكومية _2aucsh |
|
| 651 | 7 |
_aالسعودية _xمطبوعات حكومية _2aucsh |
|
| 710 | 2 |
_aجامعة أم القرى _eمنظم. |
|
| 710 | 1 |
_aالسعودية. _bوزارة الشؤون الإسلامية والأوقاف والدعوة والإرشاد _eمنظم. |
|
| 942 |
_2ddc _cBOOK _n0 |
||
| 949 |
_aSA-JeALM _d250407 _uosman123 _n1 |
||
| 999 |
_c6773 _d6773 |
||